[Event "21st European Teams"]
[Site "Hersonissos GRE"]
[Date "2017.11.05"]
[Round "8.16"]
[Board "1"]
[White "Hristodoulou, Panagiotis"]
[Black "Nielsen, Hogni Egilstoft"]
[Result "1/2-1/2"]
[WhiteTitle "FM"]
[BlackTitle "FM"]
[WhiteElo "2318"]
[BlackElo "2352"]
[WhiteTeam "Greece - Crete"]
[BlackTeam "Faroe Islands"]
[WhiteFideId "4214340"]
[BlackFideId "7200404"]
[EventDate "2017.10.28"]

1. e4 e5 2. Nf3 Nc6 3. Nc3 Nf6 4. d4 exd4 5. Nxd4 Bb4 6. Nxc6 bxc6 7. Bd3 O-O 8.
O-O Re8 9. Qf3 d5 10. Bg5 h6 11. Bxf6 Qxf6 12. Qxf6 gxf6 13. exd5 Bxc3 14. bxc3
cxd5 15. Rab1 c5 16. Rfd1 Be6 17. Rb5 c4 18. Bf1 Rab8 19. Rdb1 Rxb5 20. Rxb5 Rd8
21. f4 f5 22. Rb4 d4 23. Bxc4 dxc3 24. Bxe6 fxe6 25. a4 Rd2 26. Rb8+ Kf7 27.
Rb7+ Ke8 28. Rxa7 Kd8 29. Ra5 Rxc2 30. Rc5 Kd7 31. a5 Kd6 32. Rc8 Kd5 33. a6 1/2-1/2

[Event "21st European Teams"]
[Site "Hersonissos GRE"]
[Date "2017.11.05"]
[Round "8.16"]
[Board "2"]
[White "Nielsen, Rogvi Egilstoft"]
[Black "Naoum, Spyridon"]
[Result "1-0"]
[WhiteTitle "FM"]
[WhiteElo "2338"]
[BlackElo "2295"]
[WhiteTeam "Faroe Islands"]
[BlackTeam "Greece - Crete"]
[WhiteFideId "7200447"]
[BlackFideId "4227506"]
[EventDate "2017.10.28"]

1. e4 c5 2. c3 Nf6 3. e5 Nd5 4. Nf3 e6 5. d4 cxd4 6. cxd4 d6 7. Bc4 Nb6 8. Bd3
Nc6 9. O-O Nb4 10. Bg5 Be7 11. Bxe7 Qxe7 12. Nc3 Bd7 13. Ne4 dxe5 14. dxe5 O-O
15. Nd4 Rfd8 16. Nd6 Nc6 17. Be4 Nxe5 18. Nxb7 Rdc8 19. Na5 Rab8 20. Bxh7+ Kxh7
21. Qh5+ Kg8 22. Qxe5 f6 23. Qg3 e5 24. Ndb3 Na4 25. Rab1 Be6 26. Qe3 Rc2 27.
Qe4 Bxb3 28. axb3 Qc5 29. Qxa4 Rb4 30. Qa3 Qb5 31. Rbc1 1-0

[Event "21st European Teams"]
[Site "Hersonissos GRE"]
[Date "2017.11.05"]
[Round "8.16"]
[Board "3"]
[White "Anagnostopoulos, Konstantinos"]
[Black "Rodgaard, John"]
[Result "1/2-1/2"]
[BlackTitle "IM"]
[WhiteElo "2290"]
[BlackElo "2332"]
[WhiteTeam "Greece - Crete"]
[BlackTeam "Faroe Islands"]
[WhiteFideId "4251067"]
[BlackFideId "7200013"]
[EventDate "2017.10.28"]

1. c4 c6 2. Nf3 d5 3. g3 Nf6 4. Bg2 Bf5 5. Qb3 Qb6 6. d3 e6 7. Be3 Qb4+ 8. Nc3
dxc4 9. dxc4 Nbd7 10. O-O e5 11. Rfc1 Ng4 12. Bd2 Qxb3 13. axb3 Nc5 14. h3 Nf6
15. g4 Be6 16. Ra3 Nce4 17. Ra5 Nc5 18. Ra3 Nce4 19. Ra2 Nxd2 20. Nxd2 Nd7 21.
Nde4 f6 22. Rd1 Nc5 23. Nxc5 Bxc5 24. Ne4 Be7 25. Raa1 Kf7 26. c5 Bd5 27. b4
Rhd8 28. e3 g6 29. b5 Bxe4 30. Bxe4 Bxc5 31. bxc6 bxc6 32. Rdc1 Bb6 33. Rxc6
Rac8 34. Bd5+ Kg7 35. Rxc8 1/2-1/2

[Event "21st European Teams"]
[Site "Hersonissos GRE"]
[Date "2017.11.05"]
[Round "8.16"]
[Board "4"]
[White "Nilssen, John Arni"]
[Black "Papadopoulos, Argirios"]
[Result "0-1"]
[WhiteTitle "IM"]
[BlackTitle "FM"]
[WhiteElo "2326"]
[BlackElo "2182"]
[WhiteTeam "Faroe Islands"]
[BlackTeam "Greece - Crete"]
[WhiteFideId "7200137"]
[BlackFideId "4241509"]
[EventDate "2017.10.28"]

1. d4 Nf6 2. c4 e6 3. Nc3 Bb4 4. g3 Bxc3+ 5. bxc3 d6 6. Bg2 O-O 7. Qd3 e5 8. e4
Re8 9. Ne2 b6 10. O-O Bb7 11. f3 Nc6 12. f4 Na5 13. fxe5 dxe5 14. Bg5 Ba6 15.
Rf5 Re6 16. Qf3 Nxc4 17. Re1 h6 18. Bc1 Bb7 19. Qd3 b5 20. Qb1 Qe8 21. Ref1 Nd6
22. d5 Nxf5 23. dxe6 Nd6 24. exf7+ Qxf7 25. Qd3 a6 26. Qe3 Qxa2 27. Re1 Qc4 28.
Ba3 Bxe4 29. Bf1 Qd5 30. Nc1 Nc4 31. Bxc4 Qxc4 32. Be7 Nd5 33. Qxe4 Qxe4 34.
Rxe4 Nxe7 35. Rxe5 Kf7 36. Nb3 c6 37. Na5 Kf6 38. Rc5 Rc8 39. Kf2 Ke6 40. Ke3 g6
41. Ke4 Kd6 42. Re5 Nd5 43. Nb7+ Kc7 44. Nc5 a5 45. Kd4 Ra8 46. c4 bxc4 47. Kxc4
a4 48. Re6 a3 49. Rxg6 a2 50. Rg7+ Kd6 51. Rg6+ Ke5 52. Re6+ Kf5 53. g4+ Kxg4
54. Nb3 Ra4+ 55. Kc5 Rb4 56. Rxc6 Rxb3 57. Ra6 Nb4 58. Ra4 Rb1 0-1

[Event "21st European Teams"]
[Site "Hersonissos GRE"]
[Date "2017.11.05"]
[Round "8.17"]
[Board "1"]
[White "Tari, Aryan"]
[Black "Djukic, Nikola"]
[Result "1/2-1/2"]
[WhiteTitle "GM"]
[BlackTitle "GM"]
[WhiteElo "2578"]
[BlackElo "2519"]
[WhiteTeam "Norway"]
[BlackTeam "Montenegro"]
[WhiteFideId "1510045"]
[BlackFideId "922412"]
[EventDate "2017.10.28"]

1. e4 c5 2. Nf3 d6 3. Nc3 g6 4. d4 cxd4 5. Qxd4 Nf6 6. e5 dxe5 7. Qxd8+ Kxd8 8.
Nxe5 Be6 9. Be3 Bg7 10. O-O-O+ Kc8 11. Bb5 Nbd7 12. Nxd7 Bxd7 13. Rhe1 Bc6 14.
Bxc6 bxc6 15. Bd4 Re8 16. Ne4 Nxe4 17. Rxe4 Bh6+ 18. Kb1 Rd8 19. Rd3 Bf8 20. Kc1
e6 21. Kd2 Be7 22. Be5 Kb7 23. Red4 Rxd4 24. Bxd4 c5 25. Be5 Kc6 26. Rf3 Rd8+
27. Kc3 f5 28. Re3 Kd5 29. Bg7 Bd6 30. Rd3+ Kc6 31. Kc4 Rd7 32. Bc3 Rb7 33. Re3
Re7 34. Bf6 Re8 35. Ra3 Kb7 36. Kb5 e5 37. Kc4 e4 38. g3 Re6 39. Bg5 Bf8 40. Kd5
Rd6+ 41. Ke5 a6 42. Bh6 Be7 43. Be3 Kc7 44. Bxc5 Bf6+ 45. Kf4 Rd5 46. b4 g5+ 47.
Ke3 Bb2 48. Rxa6 Bc1+ 49. Ke2 f4 50. gxf4 gxf4 51. f3 Rd2+ 52. Ke1 e3 53. Rf6
Rxc2 54. Bd6+ Kd7 55. Bxf4 Bd2+ 56. Ke2 Rxa2 57. Rd6+ Ke7 58. Rd3 Bc1+ 59. Ke1
Bd2+ 60. Ke2 Bc1+ 1/2-1/2

[Event "21st European Teams"]
[Site "Hersonissos GRE"]
[Date "2017.11.05"]
[Round "8.17"]
[Board "2"]
[White "Blagojevic, Dragisa"]
[Black "Salomon, Johan"]
[Result "1/2-1/2"]
[WhiteTitle "GM"]
[BlackTitle "GM"]
[WhiteElo "2488"]
[BlackElo "2477"]
[WhiteTeam "Montenegro"]
[BlackTeam "Norway"]
[WhiteFideId "900885"]
[BlackFideId "1509500"]
[EventDate "2017.10.28"]

1. d4 Nf6 2. c4 e6 3. Nf3 d5 4. g3 Bb4+ 5. Bd2 Be7 6. Bg2 O-O 7. O-O c6 8. Qc2
b6 9. Bf4 Nbd7 10. Rd1 Ba6 11. Ne5 Rc8 12. Nc3 Bxc4 13. Nxc4 dxc4 14. e4 b5 15.
d5 cxd5 16. exd5 e5 17. d6 Bxd6 18. Nxb5 Bc5 19. Bxe5 Qb6 20. Bxf6 Nxf6 21. Nc3
Qe6 22. Ne4 Nxe4 23. Bxe4 g6 24. Bd5 Qf6 25. Bxc4 Qxf2+ 26. Qxf2 Bxf2+ 27. Kxf2
Rxc4 28. Rac1 Ra4 29. a3 Rb8 30. Rd2 Rb7 1/2-1/2

[Event "21st European Teams"]
[Site "Hersonissos GRE"]
[Date "2017.11.05"]
[Round "8.17"]
[Board "3"]
[White "Christiansen, Johan-Sebastian"]
[Black "Draskovic, Luka"]
[Result "1-0"]
[WhiteTitle "IM"]
[BlackTitle "IM"]
[WhiteElo "2462"]
[BlackElo "2450"]
[WhiteTeam "Norway"]
[BlackTeam "Montenegro"]
[WhiteFideId "1512668"]
[BlackFideId "944335"]
[EventDate "2017.10.28"]

1. Nf3 Nf6 2. c4 g6 3. g3 Bg7 4. Bg2 O-O 5. d4 d6 6. O-O Nc6 7. Nc3 Bf5 8. Nh4
Bd7 9. f4 Na5 10. b3 c5 11. dxc5 dxc5 12. Bd2 Nc6 13. e4 Ne8 14. e5 Qc8 15. Nd5
e6 16. Nc3 f6 17. Be3 fxe5 18. Bxc5 Rf7 19. Rc1 Nd4 20. Ne4 Bc6 21. Bxd4 exd4
22. Ng5 Bxg2 23. Kxg2 Re7 24. Qd3 Bf6 25. Rce1 Nd6 26. Nhf3 Nf5 27. Kg1 Bg7 28.
Rf2 Qc6 29. Rfe2 Rae8 30. Ne5 Qb6 31. h4 Rd8 32. Kh2 Rde8 33. Rd2 Qc7 34. Kh3 h6
35. Ngf3 g5 36. hxg5 hxg5 37. Nxg5 Bf6 38. Nxe6 Rh7+ 39. Kg2 Nh4+ 40. gxh4 Rxe6
41. Qf5 Ra6 42. Rxd4 Rg7+ 43. Kf3 Bxh4 44. Red1 Rxa2 45. Qe6+ Kh7 46. Rd7 Rf2+
47. Ke4 Re2+ 48. Kf5 1-0

[Event "21st European Teams"]
[Site "Hersonissos GRE"]
[Date "2017.11.05"]
[Round "8.17"]
[Board "4"]
[White "Kalezic, Blazo"]
[Black "Notkevich, Benjamin Arvola"]
[Result "0-1"]
[WhiteTitle "IM"]
[BlackTitle "IM"]
[WhiteElo "2465"]
[BlackElo "2458"]
[WhiteTeam "Montenegro"]
[BlackTeam "Norway"]
[WhiteFideId "921815"]
[BlackFideId "1506536"]
[EventDate "2017.10.28"]

1. e4 e5 2. Nf3 Nc6 3. Bb5 a6 4. Ba4 Nf6 5. d3 d6 6. c3 b5 7. Bb3 Be7 8. Nbd2
O-O 9. Nf1 d5 10. Qe2 d4 11. Ng3 a5 12. O-O a4 13. Bc2 Bc5 14. h3 Be6 15. a3 Qd6
16. Kh1 Bb6 17. Nh4 Qc5 18. Bd2 Ba5 19. Qe1 g6 20. f4 exf4 21. Rxf4 Nd7 22. Ne2
Nde5 23. Rc1 Qd6 24. Qg3 Rad8 25. Rd1 dxc3 26. Bxc3 Bxc3 27. bxc3 Qxa3 28. d4
Qb2 29. dxe5 Qxc2 30. Re1 Rd3 31. Rf3 Rxf3 32. gxf3 Rd8 33. Nf4 Rd1 34. Rxd1
Qxd1+ 35. Kh2 Qd2+ 36. Kh1 Qc1+ 37. Kh2 Qc2+ 38. Kh1 Qb1+ 39. Kh2 Qb2+ 40. Kh1
Qc1+ 41. Kh2 Qd2+ 42. Nhg2 Qxc3 43. Nxe6 fxe6 44. Qg4 Qxe5+ 45. f4 Qxe4 46. Qd1
Qd5 47. Qc2 a3 48. Ne3 Qd6 49. Kg2 Nd4 0-1

[Event "21st European Teams"]
[Site "Hersonissos GRE"]
[Date "2017.11.05"]
[Round "8.18"]
[Board "1"]
[White "Hovhannisyan, Mher"]
[Black "Pancevski, Filip"]
[Result "0-1"]
[WhiteTitle "IM"]
[BlackTitle "IM"]
[WhiteElo "2466"]
[BlackElo "2489"]
[WhiteTeam "Belgium"]
[BlackTeam "FYROM"]
[WhiteFideId "13300865"]
[BlackFideId "15002187"]
[EventDate "2017.10.28"]

1. e4 d6 2. d4 Nf6 3. Nc3 g6 4. Bg5 Bg7 5. Qd2 h6 6. Bf4 Nc6 7. O-O-O g5 8. Be3
Ng4 9. Bb5 Bd7 10. h4 Nxe3 11. Qxe3 e6 12. hxg5 hxg5 13. Rxh8+ Bxh8 14. g4 Qf6
15. Nf3 Qf4 16. Nxg5 Qxg4 17. Be2 Qh4 18. Nb5 Rc8 19. Nf3 Qf6 20. Kb1 a6 21. Nc3
Bg7 22. d5 exd5 23. exd5+ Ne7 24. Ng5 Qe5 25. Bh5 Ng6 26. Bxg6 fxg6 27. Qd2 Kf8
28. Re1 Qf5 29. a3 Re8 30. Rxe8+ Kxe8 31. f4 Kd8 32. Nce4 Qg4 33. Nf7+ Ke7 34.
Nfg5 Qg1+ 35. Ka2 Qd4 36. Qc1 Bf5 37. c3 Qxd5+ 38. c4 Qd4 39. Ng3 Bd3 40. Qe1+
Kd7 0-1

[Event "21st European Teams"]
[Site "Hersonissos GRE"]
[Date "2017.11.05"]
[Round "8.18"]
[Board "2"]
[White "Nedev, Trajko"]
[Black "Beukema, Stefan"]
[Result "1-0"]
[WhiteTitle "GM"]
[BlackTitle "IM"]
[WhiteElo "2479"]
[BlackElo "2378"]
[WhiteTeam "FYROM"]
[BlackTeam "Belgium"]
[WhiteFideId "15000605"]
[BlackFideId "1024523"]
[EventDate "2017.10.28"]

1. e4 e5 2. Nf3 Nc6 3. Bc4 Bc5 4. O-O Nf6 5. d3 d6 6. c3 a6 7. Re1 Ba7 8. a4 Ne7
9. d4 Ng6 10. h3 Qe7 11. Be3 O-O 12. Nbd2 Be6 13. Bd3 Rfd8 14. Ng5 Bc8 15. Bc4
d5 16. exd5 Nxd5 17. Qh5 h6 18. Ngf3 exd4 19. Bg5 Qf8 20. Bxd8 Ndf4 21. Qa5 Qxd8
22. cxd4 Bxd4 23. Nxd4 Qxd4 24. Re8+ Kh7 25. Bxf7 Be6 26. Bxg6+ Kxg6 27. Rxa8 b6
28. Nf3 Qe4 29. Qe5 1-0

[Event "21st European Teams"]
[Site "Hersonissos GRE"]
[Date "2017.11.05"]
[Round "8.18"]
[Board "3"]
[White "Claesen, Pieter"]
[Black "Stojanovski, Dejan"]
[Result "1/2-1/2"]
[WhiteTitle "IM"]
[BlackTitle "IM"]
[WhiteElo "2316"]
[BlackElo "2454"]
[WhiteTeam "Belgium"]
[BlackTeam "FYROM"]
[WhiteFideId "200727"]
[BlackFideId "15000796"]
[EventDate "2017.10.28"]

1. c4 Nf6 2. Nc3 e6 3. e4 d5 4. cxd5 exd5 5. e5 Ne4 6. Nf3 Nc6 7. Bb5 Be7 8. Qa4
Nxc3 9. Bxc6+ bxc6 10. Qxc6+ Bd7 11. Qxc3 O-O 12. O-O c5 13. d4 c4 14. b3 Rc8
15. Bd2 Bf5 16. bxc4 dxc4 17. Rfc1 Qd5 18. Bg5 f6 19. exf6 gxf6 20. Bf4 a5 21.
a3 Rf7 22. Re1 Bf8 23. Re3 Rd8 24. Nd2 Qxd4 25. Rg3+ Bg6 26. Qxd4 Rxd4 27. Be3
Rh4 28. f4 c3 29. f5 cxd2 30. fxg6 Rd7 31. Rd1 Bxa3 32. Rxd2 Rxd2 33. gxh7+ Kxh7
34. Bxd2 Bc5+ 35. Kf1 a4 36. Rc3 Bd6 37. Rc6 Be5 38. Ra6 Rc4 39. Ke2 Kg6 40. Kd3
Rd4+ 41. Ke3 Rh4 42. g3 Rg4 43. Kf3 Rd4 44. Bf4 Bxf4 45. gxf4 Rd2 46. Rxa4 1/2-1/2

[Event "21st European Teams"]
[Site "Hersonissos GRE"]
[Date "2017.11.05"]
[Round "8.18"]
[Board "4"]
[White "Nikolovski, Nikola"]
[Black "Dardha, Arben"]
[Result "1-0"]
[WhiteTitle "FM"]
[BlackTitle "FM"]
[WhiteElo "2420"]
[BlackElo "2279"]
[WhiteTeam "FYROM"]
[BlackTeam "Belgium"]
[WhiteFideId "15002314"]
[BlackFideId "4700481"]
[EventDate "2017.10.28"]

1. e4 c5 2. Nc3 e6 3. f4 d5 4. Nf3 dxe4 5. Nxe4 Be7 6. g3 Nd7 7. Bg2 Nh6 8. d3
Nf5 9. c3 O-O 10. O-O Nf6 11. Ne5 Qc7 12. Qe2 Rb8 13. Bd2 Nd5 14. c4 Nb4 15. Bc3
f6 16. a3 Na6 17. Nf3 Bd7 18. Rae1 Rbe8 19. Kh1 Nb8 20. b4 b6 21. d4 cxd4 22.
Nxd4 Nxd4 23. Bxd4 Bc6 24. c5 Nd7 25. cxb6 Nxb6 26. Rc1 Kh8 27. Rxc6 Qxc6 28.
Nxf6 Qc4 29. Qxc4 Nxc4 30. Nxe8 Rxe8 31. Bxa7 Nxa3 32. Bc6 Rd8 33. b5 Rd2 34.
Rc1 Nc2 35. b6 Bc5 36. Be4 Ne3 37. b7 1-0

[Event "21st European Teams"]
[Site "Hersonissos GRE"]
[Date "2017.11.05"]
[Round "8.19"]
[Board "1"]
[White "Fernandes, Antonio"]
[Black "Mehmeti, Dritan"]
[Result "1-0"]
[WhiteTitle "GM"]
[BlackTitle "IM"]
[WhiteElo "2442"]
[BlackElo "2428"]
[WhiteTeam "Portugal"]
[BlackTeam "Albania"]
[WhiteFideId "1900021"]
[BlackFideId "4700600"]
[EventDate "2017.10.28"]

1. Nf3 Nf6 2. g3 c5 3. Bg2 Nc6 4. d4 d5 5. O-O cxd4 6. Nxd4 e5 7. Nxc6 bxc6 8.
c4 Be7 9. cxd5 cxd5 10. Nc3 Be6 11. Bg5 d4 12. Bxf6 gxf6 13. Nb5 Rb8 14. Nxa7
Rxb2 15. Nc6 Qd7 16. Qc1 Rb6 17. Rb1 Rxb1 18. Qxb1 O-O 19. a4 Bc4 20. Rc1 Bxe2
21. Qf5 Rd8 22. Be4 Qxf5 23. Nxe7+ Kf8 24. Nxf5 d3 25. Rb1 d2 26. Ne3 Rc8 27. f3
Bxf3 28. Bxf3 Rc1+ 29. Kf2 Rxb1 30. Ke2 Ra1 31. Bc6 Ke7 32. Kxd2 Kd6 33. Bb5 Kc5
34. Kd3 Re1 35. Be8 Rh1 36. h4 Rg1 37. Nf5 Rf1 38. Ke4 Re1+ 39. Kf3 Rf1+ 40. Ke4
Re1+ 41. Ne3 f5+ 42. Kf3 f4 43. gxf4 exf4 44. Kxf4 Rh1 45. Nf5 f6 46. Bb5 Kd5
47. a5 Rb1 48. Bd3 Rb4+ 49. Kf3 Ra4 50. Ne3+ Kd4 51. Nc4 h5 52. Be2 Ra2 53. Bf1
Ra1 54. Be2 Ra2 55. Kf2 Ra4 56. Kg3 Ra2 57. Bxh5 Ra1 58. Be2 Re1 59. Kf2 Rh1 60.
h5 Rh2+ 61. Kf1 f5 62. a6 Rh1+ 63. Kf2 Rh2+ 64. Kf3 Rh1 65. Kf4 Kc5 66. Ne3 1-0

[Event "21st European Teams"]
[Site "Hersonissos GRE"]
[Date "2017.11.05"]
[Round "8.19"]
[Board "2"]
[White "Pasko, Llambi"]
[Black "Sousa, Andre Ventura"]
[Result "1-0"]
[BlackTitle "IM"]
[WhiteElo "2292"]
[BlackElo "2405"]
[WhiteTeam "Albania"]
[BlackTeam "Portugal"]
[WhiteFideId "4701178"]
[BlackFideId "1917617"]
[EventDate "2017.10.28"]

1. d4 Nf6 2. Nf3 d5 3. c4 e6 4. e3 a6 5. Qc2 dxc4 6. Bxc4 Bd6 7. O-O Nc6 8. Rd1
Qe7 9. e4 e5 10. d5 Nd4 11. Nxd4 exd4 12. g3 O-O 13. Re1 b5 14. Bb3 Ng4 15. Nd2
Qf6 16. f4 Ne3 17. Qd3 Bxf4 18. Nf1 Bh3 19. gxf4 Bxf1 20. Rxf1 Qg6+ 21. Kf2 Qg2+
22. Ke1 Nxf1 23. Qxf1 Qxe4+ 24. Kd1 d3 25. Bd2 a5 26. a3 b4 27. a4 Rfe8 28. Rc1
Qg6 29. Rxc7 Rac8 30. Rc6 Qh5+ 31. Kc1 Rxc6+ 32. dxc6 Re2 33. Qg1 h6 34. Bd1 Qd5
35. Bxe2 Qxc6+ 36. Kd1 Qxa4+ 37. Ke1 dxe2 38. Kxe2 Qb5+ 39. Ke1 Qd5 40. Be3 Qe4
41. Kd2 a4 42. h4 f6 43. Qc1 Qg2+ 44. Kd3 Qd5+ 45. Bd4 a3 46. Qc4 Qxc4+ 47. Kxc4
axb2 48. Bxb2 Kf7 49. f5 h5 50. Kxb4 g5 51. fxg6+ Kxg6 52. Kc4 Kf5 53. Kd5 1-0

[Event "21st European Teams"]
[Site "Hersonissos GRE"]
[Date "2017.11.05"]
[Round "8.19"]
[Board "3"]
[White "Silva, Luis Neves Da"]
[Black "Ashiku, Franc"]
[Result "1/2-1/2"]
[WhiteTitle "FM"]
[BlackTitle "FM"]
[WhiteElo "2355"]
[BlackElo "2394"]
[WhiteTeam "Portugal"]
[BlackTeam "Albania"]
[WhiteFideId "1919121"]
[BlackFideId "4700066"]
[EventDate "2017.10.28"]

1. e4 e6 2. d4 d5 3. Bd3 dxe4 4. Bxe4 Nf6 5. Bf3 c5 6. Ne2 Nc6 7. Be3 cxd4 8.
Nxd4 Ne5 9. Nc3 Bb4 10. Nb5 Bd7 11. a3 Bxc3+ 12. Nxc3 Nxf3+ 13. Qxf3 Qc7 14. O-O
Bc6 15. Qg3 Qxg3 16. hxg3 Ng4 17. Bd4 f6 18. f3 Nh6 19. a4 Nf5 20. Bf2 Kf7 21.
a5 h5 22. Rfd1 h4 23. gxh4 Nxh4 24. Ne4 g5 25. a6 b6 26. Rd6 Rac8 27. Rd2 Ke7
28. Nd6 Rcd8 29. Bxh4 gxh4 30. Rad1 h3 31. Nc4 Rxd2 32. Rxd2 Rg8 33. Kh2 Bb5 34.
Ne3 hxg2 35. Nxg2 Bxa6 36. Kg1 Rd8 37. Rxd8 Kxd8 38. Kf2 Ke7 39. Ke3 Bf1 40. Ne1
a5 41. f4 Kd6 42. Nf3 b5 43. Kd4 Bc4 44. Nd2 Bd5 45. Nf1 Bc4 46. Nd2 Be2 47.
Ne4+ Ke7 48. Kc5 b4 49. c3 bxc3 50. Nxc3 Bd3 51. Kb6 Kf7 52. Kxa5 Kg6 53. b4 Kf5
54. b5 Bf1 55. b6 Bg2 56. Ne2 e5 1/2-1/2

[Event "21st European Teams"]
[Site "Hersonissos GRE"]
[Date "2017.11.05"]
[Round "8.19"]
[Board "4"]
[White "Seitaj, Ilir"]
[Black "Martins, David Pires Tavares"]
[Result "0-1"]
[WhiteTitle "IM"]
[BlackTitle "IM"]
[WhiteElo "2372"]
[BlackElo "2384"]
[WhiteTeam "Albania"]
[BlackTeam "Portugal"]
[WhiteFideId "4700031"]
[BlackFideId "1909991"]
[EventDate "2017.10.28"]

1. e4 e6 2. d4 d5 3. Nc3 Bb4 4. e5 c5 5. Bd2 Ne7 6. Nf3 cxd4 7. Nb5 Bxd2+ 8.
Qxd2 O-O 9. Nbxd4 Nbc6 10. Bd3 f6 11. Qe3 Qc7 12. Nxc6 Nxc6 13. exf6 Rxf6 14.
O-O e5 15. Bb5 Bg4 16. Bxc6 Bxf3 17. Ba4 Qc8 18. h3 e4 19. Kh2 Qc7+ 20. g3 Qe5
21. Bb3 Raf8 22. Qc5 Rd8 23. Rad1 Rf5 24. h4 Rh5 25. Kg1 Qe6 26. Qc7 Rf8 27. Kh2
Bxd1 28. Rxd1 e3 29. f4 e2 30. Re1 Qe4 31. Qc3 Rxf4 32. Bxd5+ Rxd5 33. gxf4
Qxf4+ 34. Qg3 Qxg3+ 35. Kxg3 Rd2 36. b4 Rxc2 37. a3 Kf7 38. Kf2 Kf6 39. Rb1
e1=Q+ 40. Kxe1 Rh2 41. Rb3 Rxh4 42. Rc3 g5 43. Kf2 Rf4+ 44. Kg3 Kg6 45. Rd3 h5
46. Rd7 h4+ 47. Kg2 Rf7 48. Rd4 Kh5 49. b5 Rf4 50. Rd7 Kg4 51. Rg7 h3+ 52. Kh2
Rf2+ 53. Kg1 h2+ 0-1

[Event "21st European Teams"]
[Site "Hersonissos GRE"]
[Date "2017.11.05"]
[Round "8.20"]
[Board "1"]
[White "Saraci, Nderim"]
[Black "Tate, Alan"]
[Result "1/2-1/2"]
[WhiteTitle "FM"]
[BlackTitle "FM"]
[WhiteElo "2393"]
[BlackElo "2366"]
[WhiteTeam "Kosovo"]
[BlackTeam "Scotland"]
[WhiteFideId "6351921"]
[BlackFideId "2401878"]
[EventDate "2017.10.28"]

1. d4 d5 2. c4 c6 3. Nf3 Nf6 4. Nc3 dxc4 5. a4 e6 6. e3 c5 7. Bxc4 Nc6 8. O-O
cxd4 9. exd4 Be7 10. Qe2 O-O 11. Rd1 Nb4 12. Ne5 Bd7 13. Bg5 Be8 14. h3 Nfd5 15.
Bxd5 Nxd5 16. Bxe7 Nxe7 17. Qf3 Bc6 18. Nxc6 bxc6 19. b4 Qd6 20. b5 Rfd8 21.
bxc6 Qxc6 22. Qxc6 Nxc6 23. d5 exd5 24. Nxd5 Kf8 25. Ne3 g6 26. Rac1 Rxd1+ 27.
Nxd1 Nd4 28. Rc4 Rd8 29. Nc3 Ne6 30. Rc6 Rd4 31. Ra6 Nc5 32. Rxa7 Rc4 33. Nb5
Rxa4 34. Rxa4 1/2-1/2

[Event "21st European Teams"]
[Site "Hersonissos GRE"]
[Date "2017.11.05"]
[Round "8.20"]
[Board "2"]
[White "Morrison, Graham SCO"]
[Black "Makolli, Perparim"]
[Result "1/2-1/2"]
[WhiteTitle "FM"]
[BlackTitle "FM"]
[WhiteElo "2278"]
[BlackElo "2333"]
[WhiteTeam "Scotland"]
[BlackTeam "Kosovo"]
[WhiteFideId "2400090"]
[BlackFideId "908630"]
[EventDate "2017.10.28"]

1. d4 d5 2. c4 dxc4 3. Nf3 Nf6 4. e3 Bg4 5. Bxc4 e6 6. h3 Bh5 7. Nc3 Nc6 8. Bb5
Bd6 9. e4 Nd7 10. Be3 O-O 11. a3 Kh8 12. Be2 a6 13. O-O Nb6 14. d5 exd5 15. Bxb6
cxb6 16. Qxd5 Bxf3 17. Bxf3 Qf6 18. Rad1 Be5 19. Qd3 Qf4 20. g3 Qh6 21. Bg2 Rad8
22. Qb1 Bxc3 23. bxc3 Ne5 24. Rd4 Rc8 25. Rfd1 b5 26. a4 Qb6 27. axb5 Rxc3 28.
bxa6 Qxa6 29. Qb4 Rcc8 30. Rd5 Nc6 31. Qb5 Rfe8 32. Rb1 Re7 33. Qxa6 bxa6 34.
Rc5 Ree8 35. Rb6 Nb8 36. Rxc8 Rxc8 37. Bf1 g6 38. Bxa6 Nxa6 39. Rxa6 h5 40. e5
Rc5 41. e6 fxe6 42. Rxe6 Kg7 43. h4 Kf7 44. Re3 Ra5 45. Kg2 Kf6 46. Kf3 Rf5+ 47.
Ke2 Ra5 48. Rf3+ Kg7 49. Rf4 Ra2+ 50. Kf3 Ra3+ 51. Kg2 Ra2 52. Rb4 Ra7 53. Kf3
Rf7+ 54. Ke3 Re7+ 55. Re4 Ra7 56. f3 Ra3+ 57. Kf4 Ra7 58. g4 Rf7+ 59. Kg3 hxg4
60. fxg4 Kh7 61. Re6 Kg7 62. Rb6 Kh7 63. g5 Ra7 64. Rb4 Kg7 65. Kg4 Rf7 66. h5
gxh5+ 67. Kxh5 Ra7 68. Rb6 1/2-1/2

[Event "21st European Teams"]
[Site "Hersonissos GRE"]
[Date "2017.11.05"]
[Round "8.20"]
[Board "3"]
[White "Ermeni, Avni"]
[Black "Burnett, Andrew"]
[Result "1/2-1/2"]
[WhiteTitle "FM"]
[BlackTitle "FM"]
[WhiteElo "2247"]
[BlackElo "2226"]
[WhiteTeam "Kosovo"]
[BlackTeam "Scotland"]
[WhiteFideId "912840"]
[BlackFideId "2400855"]
[EventDate "2017.10.28"]

1. d4 Nf6 2. Bf4 d5 3. e3 c5 4. c3 Nc6 5. Nd2 Bf5 6. Qb3 Qd7 7. Ngf3 c4 8. Qd1
b5 9. b3 e6 10. a3 Be7 11. Be2 O-O 12. O-O h6 13. a4 a6 14. Ra2 Rfc8 15. Qa1 Qe8
16. b4 Qf8 17. Ne1 Nd7 18. f3 e5 19. dxe5 Ndxe5 20. e4 dxe4 21. fxe4 Bg6 22. Nc2
Bf6 23. Be3 Nd3 24. Rxf6 gxf6 25. Nd4 Nxd4 26. Bxd4 Ne5 27. Qf1 Qe7 28. Qf4 Rd8
29. Ra1 Rxd4 30. cxd4 Nc6 31. axb5 Nxd4 32. Bxc4 Rc8 33. bxa6 Rxc4 34. Qb8+ Kh7
35. Nxc4 Qxe4 36. Nd6 Nf3+ 37. gxf3 Qd4+ 38. Kg2 Qb2+ 39. Kh3 Qxa1 40. Qb5 Qd1
41. Nf5 Qxf3+ 42. Ng3 Bd3 43. Qh5 Bf1+ 44. Kh4 Qf4+ 45. Qg4 Qg5+ 46. Qxg5 fxg5+
47. Kg4 Bxa6 48. Kf5 Kg7 49. Nh5+ Kf8 50. Kf6 Be2 51. Ng3 Bd3 52. Nh1 Ke8 53.
Nf2 Be2 54. Ne4 Kd7 55. Kxf7 Bf3 56. Nf6+ Kc6 57. Kg6 Kb5 58. Kxh6 g4 59. Kg5
Kxb4 60. Nxg4 Kc5 61. h4 Bxg4 62. Kxg4 Kd6 63. Kg5 Ke7 64. Kg6 Kf8 65. Kh7 Kf7
66. h5 Kf6 67. h6 Kf7 1/2-1/2